| 000 | 00331nam a2200145 i 4500 | ||
|---|---|---|---|
| 001 | bg | ||
| 100 | 1 | _aDAVIES, Paul C. W. | |
| 245 | 0 |
_aFale grawitacyjne / _cPaul C.W. Davies. |
|
| 260 |
_aWarszawa, _c1985. |
||
| 040 | _cBPK | ||
| 041 | _apol | ||
| 080 | _a531.5:534 | ||
| 942 | _cKS | ||
| 008 | s pl f |000 0 pol | ||
| 999 |
_c28291 _d28291 |
||
| 856 |
_uhttp://koha.tu.koszalin.pl/cgi-bin/koha/opac-detail.pl?biblionumber=28291 _yKatalog online BPK |
||